| 000 | 00832nam a2200253 a 4500 | ||
|---|---|---|---|
| 001 | 000035600 | ||
| 005 | 20200120222239.0 | ||
| 008 | 090624s2007 ck a br 000 j spa d | ||
| 020 | _a9580486212 | ||
| 090 |
_aC _bMCKelm |
||
| 100 | 0 | _aMckee, David | |
| 245 | 1 | 0 |
_aElmer / _cDavid Mckee; traducción: Juliana Duque Mahecha; diagramación electrónica: Patricia Martínez Linares. |
| 260 |
_aBogotá : _bNorma, _c2007. |
||
| 300 |
_a[32] p. : _bil., col. |
||
| 490 | 0 | _aElmer | |
| 500 | _aEj.1 de Mosquera donado por la Biblioteca Nacional - PNLB 2012. | ||
| 650 | 1 | 4 | _aLiteratura inglesa |
| 650 | 2 | 4 | _aLiteratura infantil |
| 650 | 2 | 4 | _aCuento infantil |
| 650 | 2 | 4 | _aElefantes en la literatura |
| 700 | 1 |
_aDuque Mahecha, Juliana _etr. |
|
| 700 | 1 |
_aMartínez Linares, Patricia _eil. |
|
| 901 | _aCompra, Norma; $9.000, 2008 | ||
| 999 |
_c2051 _d2051 |
||